[Event "6. OPEN International Ch of Vojvodina 20"]
[Site "Novi Sad"]
[Date "2015.07.30"]
[Round "8.27"]
[White "Parnicki, Zlatko"]
[Black "Zarkovic, Mila"]
[Result "0-1"]
[WhiteElo "2071"]
[BlackElo "2209"]
[PlyCount "64"]
[EventDate "2015.07.25"]

1. e4 c5 2. Nf3 e6 3. d4 cxd4 4. Nxd4 a6 5. Nc3 d6 6. Be3 Nf6 7. Qd2 b5 8. f3
Nbd7 9. a4 b4 10. Na2 d5 11. exd5 Nxd5 12. Bf2 Bb7 13. Bc4 N7f6 14. O-O Bd6 15.
Bb3 O-O 16. g3 Rc8 17. Rad1 Qd7 18. Qd3 Rfe8 19. Nc1 g6 20. f4 Qc7 21. h3 e5
22. fxe5 Rxe5 23. Rfe1 Rh5 24. Bxd5 Bxd5 25. h4 Rxh4 26. gxh4 Bh2+ 27. Kf1 Bc4
28. Nce2 Bxd3 29. Rxd3 Ng4 30. Kg2 Nxf2 31. Kxf2 Be5 32. Kg2 Qb7+ 0-1

[Event "6. OPEN International Ch of Vojvodina 20"]
[Site "Novi Sad"]
[Date "2015.07.30"]
[Round "8.28"]
[White "Nestorovic, Lazar"]
[Black "Arsic, Djordje"]
[Result "1-0"]
[WhiteElo "2337"]
[BlackElo "2153"]
[PlyCount "69"]
[EventDate "2015.07.25"]

1. e4 e5 2. Nf3 Nc6 3. Bc4 Nf6 4. Ng5 d5 5. exd5 Na5 6. Bb5+ c6 7. dxc6 bxc6 8.
Bd3 Qd5 9. O-O Be7 10. Nc3 Qd6 11. Re1 Bg4 12. Be2 Bf5 13. d3 Nd5 14. Nce4 Qc7
15. Bg4 Bg6 16. Bh5 Nf4 17. Bxf4 exf4 18. Qf3 Bxe4 19. Bxf7+ Kf8 20. Ne6+ Kxf7
21. Rxe4 Qb6 22. Nxg7 Bf6 23. Nf5 h5 24. Qxf4 Qxb2 25. Rae1 Nb7 26. Qc7+ Kg6
27. Ne7+ Kh6 28. Qf4+ Kg7 29. Qg3+ Kf8 30. Ng6+ Kf7 31. Re7+ Bxe7 32. Rxe7+ Kf6
33. Qf4+ Kxg6 34. Qf7+ Kh6 35. Re6+ 1-0

[Event "6. OPEN International Ch of Vojvodina 20"]
[Site "Novi Sad"]
[Date "2015.07.30"]
[Round "8.29"]
[White "Marholev, Dimitar"]
[Black "Injac, Teodora"]
[Result "1-0"]
[WhiteElo "2317"]
[BlackElo "2165"]
[PlyCount "93"]
[EventDate "2015.07.25"]

1. e4 e6 2. d4 d5 3. Nd2 c5 4. exd5 exd5 5. Bb5+ Nc6 6. Qe2+ Be7 7. dxc5 Nf6 8.
Nb3 O-O 9. Be3 Re8 10. O-O-O Ng4 11. Nf3 Nxe3 12. Qxe3 Bf6 13. Qd2 Be6 14. Kb1
a6 15. Ba4 Re7 16. Bxc6 bxc6 17. Nfd4 Qc7 18. Qa5 Qc8 19. Qa4 Bd7 20. f3 a5 21.
Nxa5 Be8 22. b4 Rb7 23. Rhe1 Bd7 24. a3 Qc7 25. Ndxc6 Rxa5 26. Qxa5 Bxc6 27.
Qxc7 Rxc7 28. Rxd5 Kf8 29. Rd6 Be7 30. Rdd1 Ba4 31. Rd4 g6 32. c4 Bf6 33. Rd6
Kg7 34. g3 h5 35. Re3 Bg5 36. f4 Be7 37. Ra6 Bd1 38. c6 Bg4 39. c5 Bf5+ 40. Kc1
Bc8 41. Ra8 Be6 42. Ra6 Kf6 43. a4 Bd5 44. Re5 Bc4 45. b5 Kg7 46. Rb6 f6 47.
Rb7 1-0

[Event "6. OPEN International Ch of Vojvodina 20"]
[Site "Novi Sad"]
[Date "2015.07.30"]
[Round "8.31"]
[White "Pezelj, Sinisa"]
[Black "Srdjanov, Stevan"]
[Result "0-1"]
[WhiteElo "2253"]
[BlackElo "2123"]
[PlyCount "78"]
[EventDate "2015.07.25"]

1. e4 d6 2. Nc3 Nf6 3. d4 e5 4. dxe5 dxe5 5. Qxd8+ Kxd8 6. Bc4 Be6 7. Bxe6 fxe6
8. Bg5 a6 9. O-O-O+ Ke8 10. Nf3 Nc6 11. Rd3 Rd8 12. Rhd1 Rxd3 13. cxd3 Bd6 14.
Bh4 h6 15. Ne2 g5 16. Bg3 Nh5 17. d4 exd4 18. Bxd6 cxd6 19. Nfxd4 Kd7 20. Kd2
Rf8 21. f3 Nf4 22. Nxc6 bxc6 23. g3 Ng6 24. Rf1 e5 25. Ke3 d5 26. b4 Kd6 27. a3
a5 28. exd5 cxd5 29. bxa5 Rb8 30. a4 Ne7 31. f4 gxf4+ 32. gxf4 Nf5+ 33. Kd2
Rb2+ 34. Kc3 Rxe2 35. a6 d4+ 36. Kb4 Rb2+ 37. Ka5 Ne7 38. fxe5+ Kd5 39. Rc1
Nc6+ 0-1

[Event "6. OPEN International Ch of Vojvodina 20"]
[Site "Novi Sad"]
[Date "2015.07.30"]
[Round "8.32"]
[White "Lundin, Jan"]
[Black "Banduka, Zeljko"]
[Result "1-0"]
[WhiteElo "2245"]
[BlackElo "2108"]
[PlyCount "59"]
[EventDate "2015.07.25"]

1. e4 e6 2. d4 b6 3. Nf3 Bb7 4. Bd3 c5 5. O-O cxd4 6. Nxd4 Bc5 7. Nb3 Be7 8.
Nc3 Nc6 9. Bf4 a6 10. Re1 d6 11. Qg4 g5 12. Be3 Nf6 13. Qe2 Nd7 14. Nd4 h5 15.
Nxc6 Bxc6 16. Bxa6 Ne5 17. Bb5 Qd7 18. a4 Bxb5 19. axb5 Rxa1 20. Rxa1 Qb7 21.
Ra6 Nd7 22. Qc4 O-O 23. Qc6 Rb8 24. Na4 Nc5 25. Rxb6 Qa7 26. Ra6 Qb7 27. Nxc5
dxc5 28. Qxb7 Rxb7 29. c4 Rd7 30. Kf1 1-0

[Event "6. OPEN International Ch of Vojvodina 20"]
[Site "Novi Sad"]
[Date "2015.07.30"]
[Round "8.33"]
[White "Jevtic, Miroljub"]
[Black "Pavkov, Nebojsa"]
[Result "0-1"]
[WhiteElo "2057"]
[BlackElo "2232"]
[PlyCount "90"]
[EventDate "2015.07.25"]

1. d4 d6 2. Bf4 g6 3. e3 Bg7 4. h3 Nd7 5. Nf3 e5 6. Bh2 f5 7. Bc4 e4 8. Nfd2
Ne7 9. Nc3 Nf6 10. d5 a6 11. a4 O-O 12. Nb3 Kh8 13. Nd4 c5 14. dxc6 bxc6 15. b4
Nh5 16. g4 c5 17. gxh5 cxd4 18. exd4 Qc7 19. Qe2 Be6 20. hxg6 Bxc4 21. Qh5 Nxg6
22. Ra3 Bxd4 23. Rg1 Bf7 24. Ne2 Qxc2 25. Nxd4 Qc1+ 26. Qd1 Qxa3 27. Bxd6 Qc3+
28. Kf1 Qxh3+ 29. Rg2 Qh1+ 30. Rg1 Bc4+ 31. Ne2 Bxe2+ 32. Qxe2 Qh3+ 33. Rg2
Rfc8 34. Bc5 Qd3 35. Rg5 Qxe2+ 36. Kxe2 f4 37. b5 axb5 38. axb5 Ra2+ 39. Kf1
Kg7 40. b6 Kf6 41. Rh5 Ra1+ 42. Kg2 Rb1 43. Bd4+ Ke6 44. Rxh7 f3+ 45. Kh2 Rcc1
0-1

[Event "6. OPEN International Ch of Vojvodina 20"]
[Site "Novi Sad"]
[Date "2015.07.30"]
[Round "8.34"]
[White "Tsiros, Fragkiskos Vlasios"]
[Black "Kozomora, Dragan"]
[Result "1-0"]
[WhiteElo "2228"]
[BlackElo "2094"]
[PlyCount "106"]
[EventDate "2015.07.25"]

1. e4 d5 2. exd5 Qxd5 3. Nf3 Nf6 4. d4 Bg4 5. Be2 e6 6. h3 Bh5 7. c4 Bb4+ 8.
Nbd2 Qd8 9. O-O c6 10. Qb3 Qe7 11. Qe3 Nbd7 12. a3 Bd6 13. Ne5 Bg6 14. Ndf3 c5
15. Nxg6 hxg6 16. dxc5 Bxc5 17. Qc3 O-O 18. b4 Bb6 19. Bf4 Rfc8 20. Qd3 e5 21.
c5 Bd8 22. Bh2 e4 23. Qd4 exf3 24. Bxf3 Nf8 25. Qd6 Rc7 26. Qxe7 Rxe7 27. Bd6
Rd7 28. Bxf8 Kxf8 29. c6 bxc6 30. Bxc6 Rb8 31. Bxd7 Nxd7 32. Rfd1 Nf6 33. Rac1
Bb6 34. Re1 Rd8 35. Re2 Kg8 36. a4 Rd7 37. g3 Kh7 38. a5 Bd8 39. Rc8 g5 40. Ra8
Nd5 41. Rd2 Kg6 42. Rc8 Be7 43. Rc4 Kf6 44. b5 Ke6 45. Re2+ Kf5 46. g4+ Kf6 47.
Rc6+ Rd6 48. Rxd6+ Bxd6 49. b6 axb6 50. a6 Nc7 51. a7 Be7 52. Ra2 Na8 53. Rc2
Bc5 {...64} 1-0

[Event "6. OPEN International Ch of Vojvodina 20"]
[Site "Novi Sad"]
[Date "2015.07.30"]
[Round "8.35"]
[White "Dimitrijevic, Nenad"]
[Black "Bejatovic, Bojana"]
[Result "1-0"]
[WhiteElo "2216"]
[BlackElo "2002"]
[PlyCount "143"]
[EventDate "2015.07.25"]

1. d4 d5 2. Nf3 e6 3. c4 c6 4. e3 f5 5. Bd3 Nf6 6. Nc3 Bd6 7. Qc2 O-O 8. Bd2 a5
9. h3 Na6 10. a3 Ne4 11. c5 Bc7 12. Bxa6 Rxa6 13. Na2 Bd7 14. Nc1 Be8 15. Nd3
Bg6 16. Nf4 Qf6 17. Bc3 b6 18. cxb6 Bxb6 19. Ne5 Be8 20. h4 Bc7 21. Ned3 Qe7
22. f3 Nxc3 23. Qxc3 a4 24. Kf2 Bd6 25. Rac1 Bf7 26. Nc5 Bxc5 27. Qxc5 Qb7 28.
Rc2 Rb8 29. Nd3 Qc7 30. g3 Be8 31. Nb4 Ra5 32. Qc3 Rb6 33. Rhc1 Rab5 34. Qd2 e5
35. Rc5 f4 36. exf4 exf4 37. Qxf4 Qxf4 38. gxf4 Rxc5 39. Rxc5 Rb5 40. Rxb5 cxb5
41. Nxd5 Kf7 42. Ne3 Ke6 43. f5+ Kd6 44. Kg3 Bc6 45. Kf4 h6 46. Kg3 Bb7 47. Kf2
Bc6 48. Ke2 Bb7 49. f4 Bc6 50. Kd3 Bb7 51. Kc3 Ba8 52. b3 axb3 53. Kxb3 Bc6 54.
Kb4 Bd7 55. Ka5 Kc6 56. Kb4 Kd6 57. Kc3 Bc8 58. Kd3 Bb7 59. f6 gxf6 60. Nf5+
Ke6 61. Ne3 h5 62. Kc3 Bc6 63. Kb4 Kd6 64. Nf5+ Ke6 65. Kc5 Bd7 66. Ng7+ Kf7
67. Nxh5 Ke6 68. Ng3 f5 69. d5+ Kf6 70. Kd6 Be8 71. Kc7 Bf7 72. d6 1-0

[Event "6. OPEN International Ch of Vojvodina 20"]
[Site "Novi Sad"]
[Date "2015.07.30"]
[Round "8.36"]
[White "Omorjan, Dejan"]
[Black "Bernard, Jacques"]
[Result "0-1"]
[WhiteElo "2035"]
[BlackElo "2227"]
[PlyCount "70"]
[EventDate "2015.07.25"]

1. d4 d5 2. c4 e6 3. Nc3 c6 4. e3 f5 5. Nf3 Nf6 6. Qc2 Bd6 7. h3 Ne4 8. g4 O-O
9. Be2 Nd7 10. Bd2 Ndf6 11. gxf5 exf5 12. cxd5 cxd5 13. Qb3 Kh8 14. Nb5 Nxd2
15. Nxd2 f4 16. Nxd6 Qxd6 17. Rg1 fxe3 18. fxe3 Qc7 19. Qc3 Qe7 20. Rc1 Bxh3
21. Qc7 Rf7 22. Qxe7 Rxe7 23. Rc3 Rc8 24. Rg3 Bf5 25. Rxc8+ Bxc8 26. Kf2 Bf5
27. Bf3 g6 28. Nb3 Rc7 29. Nc5 b6 30. b4 bxc5 31. dxc5 a5 32. a3 axb4 33. axb4
Rb7 34. Rg1 Rxb4 35. Rc1 Rc4 0-1

[Event "6. OPEN International Ch of Vojvodina 20"]
[Site "Novi Sad"]
[Date "2015.07.30"]
[Round "8.38"]
[White "Kukurin, Luka"]
[Black "Popovic, Milan S"]
[Result "0-1"]
[WhiteElo "2030"]
[BlackElo "2211"]
[PlyCount "80"]
[EventDate "2015.07.25"]

1. e4 d6 2. d4 Nf6 3. Nc3 e5 4. Nf3 exd4 5. Nxd4 Be7 6. Qf3 O-O 7. Nf5 Bxf5 8.
Qxf5 Qd7 9. Qxd7 Nbxd7 10. Be3 Rfe8 11. f3 d5 12. Nb5 Bd8 13. Bf4 Nxe4 14. Be2
c6 15. fxe4 Rxe4 16. g3 cxb5 17. Kf1 Nf6 18. Bd3 Re6 19. Kg2 a6 20. a4 b4 21.
a5 Ne4 22. Rhd1 Bf6 23. Ra4 Be7 24. Kf3 Rd8 25. Bc7 Re8 26. Bb6 h5 27. Bf1 Rf6+
28. Kg2 Rc8 29. Bd3 h4 30. Bd4 Rg6 31. Be5 h3+ 32. Kf3 Re6 33. Bd4 f5 34. Raa1
Rf8 35. c4 bxc3 36. bxc3 g5 37. g4 Bd6 38. Be3 fxg4+ 39. Kxg4 Nf6+ 40. Kf3 Ne8+
0-1

[Event "6. OPEN International Ch of Vojvodina 20"]
[Site "Novi Sad"]
[Date "2015.07.30"]
[Round "8.39"]
[White "Djacanin, Goran"]
[Black "Kucuksari, Kaan"]
[Result "1-0"]
[WhiteElo "2207"]
[BlackElo "1981"]
[PlyCount "97"]
[EventDate "2015.07.25"]

1. e4 c6 2. c4 d5 3. exd5 cxd5 4. cxd5 Nf6 5. Nc3 Nxd5 6. Nf3 Nc6 7. Bb5 a6 8.
Bxc6+ bxc6 9. Ne5 Qd6 10. d4 Nxc3 11. bxc3 Be6 12. Qa4 g6 13. Ba3 Qd5 14. O-O
Qb5 15. Qc2 Bf5 16. Qb3 Qxb3 17. axb3 Bc2 18. Bc5 Bxb3 19. Rfb1 Bd5 20. Rxa6
Rc8 21. Rb7 f6 22. Nd7 Kf7 23. Raa7 Re8 24. Nb6 h5 25. c4 Be4 26. f3 Bf5 27. d5
cxd5 28. cxd5 Kg8 29. Bxe7 Rh7 30. Bxf8 Rxb7 31. Rxb7 Kxf8 32. Kf2 g5 33. Ra7
h4 34. g3 Rb8 35. Ra8 Rxa8 36. Nxa8 Ke7 37. Ke3 hxg3 38. hxg3 Bh3 39. Nb6 Bf1
40. Kd4 Bg2 41. f4 gxf4 42. gxf4 Bh3 43. Kc5 Kf7 44. Nc4 Kg6 45. Ne3 Bd7 46.
Kd6 Ba4 47. Ke7 f5 48. Ke6 Bb3 49. Ke5 1-0

[Event "6. OPEN International Ch of Vojvodina 20"]
[Site "Novi Sad"]
[Date "2015.07.30"]
[Round "8.40"]
[White "Jocev, Milan"]
[Black "Vlaisavljevic, Ilija"]
[Result "1-0"]
[WhiteElo "2200"]
[BlackElo "1926"]
[PlyCount "67"]
[EventDate "2015.07.25"]

1. Nf3 d5 2. d4 c6 3. c4 Nf6 4. Nc3 e6 5. Bg5 Be7 6. e3 Nbd7 7. Rc1 Nb6 8. c5
Nbd7 9. Bd3 h6 10. Bf4 O-O 11. O-O Re8 12. b4 a6 13. Bb1 Nh7 14. Qd3 Ndf8 15.
e4 Bg5 16. Nxg5 Nxg5 17. Bd6 f5 18. f3 Nf7 19. Bg3 Bd7 20. Na4 Qf6 21. Nb6 Ra7
22. exf5 exf5 23. Nxd7 Nxd7 24. Qxf5 Qxf5 25. Bxf5 Nf6 26. Rfe1 Raa8 27. Rxe8+
Rxe8 28. Re1 Rxe1+ 29. Bxe1 Nd8 30. Bc8 Kf8 31. Bg3 Ne8 32. Kf2 a5 33. bxa5 g5
34. Bxb7 1-0